Business mathematics (Record no. 7743)

MARC details
000 -LEADER
fixed length control field 00338nam a22001337a 4500
008 - FIXED-LENGTH DATA ELEMENTS--GENERAL INFORMATION
fixed length control field 190320b ||||| |||| 00| 0 eng d
020 ## - INTERNATIONAL STANDARD BOOK NUMBER
International Standard Book Number 9780321955050
082 ## - DEWEY DECIMAL CLASSIFICATION NUMBER
Classification number 650 C62b 2015
100 ## - MAIN ENTRY--PERSONAL NAME
Personal name Clendenen, Gary.
245 ## - TITLE STATEMENT
Title Business mathematics
260 ## - PUBLICATION, DISTRIBUTION, ETC.
Place of publication, distribution, etc. Boston :
Name of publisher, distributor, etc. Pearson,
Date of publication, distribution, etc. 2015.
300 ## - PHYSICAL DESCRIPTION
Extent xviii, 679 p.
Dimensions 30 cm.
942 ## - Added entry Elements (Koha)
Source of classification or shelving scheme Dewey Decimal Classification
Holdings
Withdrawn status Lost status Source of classification or shelving scheme Damaged status Not for loan Collection code Home library Current library Shelving location Date acquired Serial Enumeration / chronology Total Checkouts Total Renewals Full call number Barcode Date last seen Date last checked out Price effective from Koha item type
    Dewey Decimal Classification     Main TEST RTC Library RTC Library Main opac 20/03/2019 13350 5 2 510.0086 CLE 30013149 27/11/2024 22/08/2024 20/03/2019 Main
Royal Thimphu College || All Right Reserved